100 premiers au classement FIFA - Statistiques

Statistiques générales
  • Ce quiz a été pris 159 fois
  • Le résultat moyen est 77 sur 100
Statistiques - réponses
Hint Réponse % Correct
4 Angleterre
100%
1 Argentine
100%
3 Brésil
100%
2 France
100%
14 Maroc
100%
9 Portugal
99%
15 Allemagne
98%
5 Belgique
98%
10 Espagne
98%
33 Algérie
97%
6 Croatie
97%
8 Italie
97%
20 Japon
97%
43 Canada
95%
11 États-Unis
95%
7 Pays-Bas
95%
38 Russie
95%
13 Suisse
95%
23 Suède
94%
27 Australie
93%
12 Mexique
93%
18 Sénégal
93%
80 Chine
92%
28 Corée du Sud
92%
34 Égypte
92%
26 Pologne
92%
31 Tunisie
92%
16 Uruguay
92%
63 Afrique du Sud
91%
17 Colombie
91%
53 Irlande
91%
44 Norvège
91%
50 Grèce
90%
32 Chili
89%
19 Danemark
89%
55 Finlande
88%
59 Qatar
88%
54 Arabie Saoudite
87%
29 Autriche
87%
42 Cameroun
87%
52 Côte d'Ivoire
87%
30 Écosse
85%
21 Pérou
85%
24 Ukraine
85%
36 Hongrie
84%
49 Paraguay
83%
25 Serbie
83%
47 Slovaquie
83%
22 Iran
82%
48 Roumanie
82%
61 Slovénie
82%
41 Turquie
82%
60 Ghana
80%
67 Islande
80%
39 Nigéria
80%
69 République du Congo (Kinshasa)
80%
37 République Tchèque
80%
57 Venezuela
79%
83 Bolivie
76%
46 Costa Rica
76%
40 Équateur
76%
99 Inde
76%
70 Irak
76%
35 Pays de Galles
76%
51 Mali
75%
98 Biélorussie
73%
62 Bosnie-Herzégovine
73%
77 Bulgarie
73%
68 Macédoine
73%
89 Luxembourg
71%
65 Albanie
70%
76 Israël
69%
45 Panama
69%
79 Honduras
67%
58 Jamaïque
67%
78 Géorgie
66%
81 Guinée
66%
71 Monténégro
63%
90 Arménie
62%
64 Irlande du Nord
61%
94 Syrie
60%
84 Zambie
60%
72 Émirats arabes unis
59%
85 Gabon
57%
82 Jordanie
53%
100 Liban
53%
95 Vietnam
53%
56 Burkina Faso
52%
73 Oman
50%
87 Haïti
47%
75 Salvador
47%
91 Guinée Équatoriale
46%
66 Cap-Vert
42%
74 Ouzbékistan
42%
93 Bénin
40%
86 Bahreïn
36%
92 Ouganda
35%
96 Palestine
27%
97 Kirghizistan
23%
88 Curaçao
5%
Aucun quiz correspondant
Distribution des résultats
% des personnes avec chaque résultat
Percentile par nombre de réponses
Votre historique - résultats
Vous n’avez pas pris ce quiz